Revista española de salud pública / (Record no. 2847)

MARC details
000 -LEADER
campo de control de longitud fija 00936nas a2200277 i 4500
001 - NÚMERO DE CONTROL
campo de control 2847
003 - IDENTIFICADOR DE NÚMERO DE CONTROL
campo de control ES-MaACL
005 - FECHA Y HORA DE LA ÚLTIMA TRANSACCIÓN
campo de control 20250217134743.0
007 - CAMPO FIJO DE DESCRIPCIÓN FÍSICA--INFORMACIÓN GENERAL
campo de control de longitud fija t|
008 - DATOS DE LONGITUD FIJA--INFORMACIÓN GENERAL
campo de control de longitud fija 010406c1995 sp b| | 0 ||pa d
022 ## - NÚMERO INTERNACIONAL NORMALIZADO PARA PUBLICACIONES SERIADAS
Número Internacional Normalizado para Publicaciones Seriadas 1135-5727
080 ## - NÚMERO DE LA CLASIFICACIÓN DECIMAL UNIVERSAL
Número de la Clasificación Decimal Universal 613/614
245 00 - MENCIÓN DEL TÍTULO
Título Revista española de salud pública /
Mención de responsabilidad, etc. Ministerio de Sanidad y Consumo.
260 ## - PUBLICACIÓN, DISTRIBUCIÓN, ETC.
Lugar de publicación, distribución, etc. Madrid :
Nombre del editor, distribuidor, etc. Ministerio de Sanidad y Consumo,
Fecha de publicación, distribución, etc. 1995-
300 ## - DESCRIPCIÓN FÍSICA
Extensión 24 v. ;
Dimensiones 24 cm.
310 ## - PERIODICIDAD ACTUAL
Periodicidad actual Bimestral
362 0# - FECHAS DE PUBLICACIÓN Y/O DESIGNACIÓN SECUENCIAL
Fecha de publicación y/o designación secuencial Vol. 69, nº 2 (mar-abr 1995)-
530 ## - NOTA DISPONIBLE DE FORMULARIO FÍSICO ADICIONAL
Nota de formato físico adicional disponible Editado CD-ROM: "Volúmenes 65-74 (años 1991-2000)"
650 14 - PUNTO DE ACCESO ADICIONAL DE MATERIA--TÉRMINO DE MATERIA
Término de materia o nombre geográfico como elemento de entrada Higiene. Sanidad.
9 (RLIN) 13357
710 1# - ENTRADA AGREGADA--NOMBRE DE ENTIDAD CORPORATIVA
Nombre de entidad corporativa o nombre de jurisdicción como elemento de entrada España.
Unidad subordinada Ministerio de Sanidad y Consumo.
9 (RLIN) 3923
780 00 - ENLACE A UN TÍTULO/ENTRADA ANTERIOR
Encabezamiento principal Revista de sanidad e higiene pública
852 4# - LOCALIZACIÓN
Ubicación ES-MaACL
Número de control de estantería HEM-H-448
852 4# - LOCALIZACIÓN
Ubicación ES-MaACL
Número de control de estantería ROT 2/4/25
Nota libre .- CD-ROM
866 #0 - MENCIÓN TEXTUAL DE FONDOS--UNIDAD BIBLIOGRÁFICA BÁSICA
Fondos 1995-2010
Nota pública .- Deja de publicarse en papel, sigue publicación digital
Holdings
Estatus retirado Estado de pérdida Estado de daño No para préstamo Colección Biblioteca de origen Biblioteca actual Ubicación en estantería Fecha de adquisición Fuente de adquisición Total de préstamos Signatura topográfica completa Código de barras Visto por última vez Precio de reemplazo Tipo de ítem Koha
        Periódicos y Revistas Biblioteca del Ateneo de Madrid Biblioteca del Ateneo de Madrid Depósito 26/04/2010     ROT 2/4/25 1183143 23/02/2023 23/02/2023 Revista
        Periódicos y Revistas Biblioteca del Ateneo de Madrid Biblioteca del Ateneo de Madrid Hemeroteca 17/01/2008     HEM-H-448 1002905 23/02/2023 23/02/2023 Revista